États des États-Unis à l'aveugle - Statistiques

Statistiques générales
  • Ce quiz a été pris 221 fois
  • Le résultat moyen est 42 sur 50
Statistiques - réponses
AnswerTexas % Correct
Californie
95%
New York
94%
Washington
94%
Floride
92%
Alaska
91%
Texas
91%
Alabama
89%
Caroline du Nord
88%
Caroline du Sud
88%
Dakota du Sud
88%
Hawai
88%
Nouveau-Mexique
88%
Virginie
88%
Dakota du Nord
87%
Mississippi
87%
Nevada
87%
Ohio
87%
Arizona
86%
Arkansas
86%
Illinois
86%
Idaho
85%
Virginie Occidentale
85%
Colorado
84%
Géorgie
84%
Kansas
84%
Louisiane
84%
Maine
84%
Michigan
83%
Missouri
83%
Montana
83%
Utah
83%
Oklahoma
82%
Oregon
82%
Rhode Island
82%
Connecticut
81%
Indiana
81%
Kentucky
81%
Massachusetts
81%
New Hampshire
81%
New Jersey
81%
Pennsylvanie
81%
Tennessee
81%
Vermont
81%
Iowa
80%
Wyoming
80%
Delaware
79%
Maryland
78%
Minnesota
77%
Nebraska
77%
Wisconsin
77%
Aucun quiz correspondant
Distribution des résultats
% des personnes avec chaque résultat
Percentile par nombre de réponses
Votre historique - résultats
Vous n’avez pas pris ce quiz